<?xml version="1.0" encoding="UTF-8"?>
<record
    xmlns:xsi="http://www.w3.org/2001/XMLSchema-instance"
    xsi:schemaLocation="http://www.loc.gov/MARC21/slim http://www.loc.gov/standards/marcxml/schema/MARC21slim.xsd"
    xmlns="http://www.loc.gov/MARC21/slim">

  <leader>01071cam a2200265 i 4500</leader>
  <datafield tag="999" ind1=" " ind2=" ">
    <subfield code="c">9239</subfield>
    <subfield code="d">9239</subfield>
  </datafield>
  <controlfield tag="001">5493209</controlfield>
  <controlfield tag="003">OCoLC</controlfield>
  <controlfield tag="005">20210109175607.0</controlfield>
  <controlfield tag="008">790921s1979    mnu      b    000 0 eng  </controlfield>
  <datafield tag="010" ind1=" " ind2=" ">
    <subfield code="a">79022683</subfield>
  </datafield>
  <datafield tag="020" ind1=" " ind2=" ">
    <subfield code="a">0871236087</subfield>
  </datafield>
  <datafield tag="020" ind1=" " ind2=" ">
    <subfield code="a">9780871236081</subfield>
  </datafield>
  <datafield tag="035" ind1=" " ind2=" ">
    <subfield code="a">(OCoLC)5493209</subfield>
  </datafield>
  <datafield tag="040" ind1=" " ind2=" ">
    <subfield code="a">DLC</subfield>
    <subfield code="b">eng</subfield>
    <subfield code="c">DLC</subfield>
    <subfield code="d">WY@</subfield>
    <subfield code="d">P4I</subfield>
    <subfield code="d">OCLCO</subfield>
    <subfield code="d">MZN</subfield>
  </datafield>
  <datafield tag="050" ind1="0" ind2="0">
    <subfield code="a">HQ766.2</subfield>
    <subfield code="b">.G37</subfield>
  </datafield>
  <datafield tag="090" ind1=" " ind2=" ">
    <subfield code="a">HQ766.2</subfield>
    <subfield code="b">.G37 1979</subfield>
  </datafield>
  <datafield tag="100" ind1="1" ind2=" ">
    <subfield code="a">Garton, Jean Staker</subfield>
  </datafield>
  <datafield tag="245" ind1="1" ind2="0">
    <subfield code="a">Who broke the baby? /</subfield>
    <subfield code="c">Jean Staker Garton</subfield>
  </datafield>
  <datafield tag="260" ind1=" " ind2=" ">
    <subfield code="a">Minneapolis :</subfield>
    <subfield code="b">Bethany Fellowship,</subfield>
    <subfield code="c">c1979</subfield>
  </datafield>
  <datafield tag="300" ind1=" " ind2=" ">
    <subfield code="a">108 p. ;</subfield>
    <subfield code="c">21 cm</subfield>
  </datafield>
  <datafield tag="504" ind1=" " ind2=" ">
    <subfield code="a">Includes bibliographical references</subfield>
  </datafield>
  <datafield tag="505" ind1="0" ind2=" ">
    <subfield code="a">Seduction by semantics -- Every woman has a right to control her own body -- Every child a wanted child -- Termination of pregnancy -- Freedom to choose -- A fetus is not a person -- Eliminate the back alley : legalize abortion -- Abortion is a Catholic issue -- What about the difficult cases -- rape? abnormal child? -- The fallout -- The choice</subfield>
  </datafield>
  <datafield tag="650" ind1=" " ind2="0">
    <subfield code="a">Abortion</subfield>
    <subfield code="x">Religious aspects</subfield>
  </datafield>
  <datafield tag="942" ind1=" " ind2=" ">
    <subfield code="2">ddc</subfield>
    <subfield code="c">BK</subfield>
  </datafield>
  <datafield tag="952" ind1=" " ind2=" ">
    <subfield code="0">0</subfield>
    <subfield code="1">0</subfield>
    <subfield code="2">ddc</subfield>
    <subfield code="4">0</subfield>
    <subfield code="7">0</subfield>
    <subfield code="8">NFIC</subfield>
    <subfield code="a">HMC</subfield>
    <subfield code="b">HMC</subfield>
    <subfield code="c">GEN</subfield>
    <subfield code="d">2021-01-14</subfield>
    <subfield code="l">0</subfield>
    <subfield code="o">301 G244W</subfield>
    <subfield code="p">010541</subfield>
    <subfield code="r">2021-01-14 00:00:00</subfield>
    <subfield code="w">2021-01-14</subfield>
    <subfield code="y">BK</subfield>
  </datafield>
</record>
